Tekst piosenki "Na co komu dziś" - Statystyki

Ogólne statystyki
  • Ten quiz został rozwiązany 4 880 razy
    4 879 od ostatniego zresetowania
  • Średni wynik to 21 z 31
Statystyki odpowiedzi
Tekst % Poprawnych
Po co dalej pić to samo {piwo}
90%
Po co dalej pić to samo {piwo}
90%
Po co dalej pić to samo {piwo}
90%
Na co komu dziś wczorajsza {miłość}
89%
Na co komu dziś wczorajsza {miłość}
89%
Na co komu dziś wczorajsza {miłość}
89%
Na co komu dziś {wczorajszy} dzień
87%
Stała pod ścianą sącząc {kakao}
86%
Topiłem smutki w butelce {wódki}
85%
Na co komu dziś wczorajszy {sen}
83%
Na co komu dziś wczorajszy {sen}
83%
Na co komu dziś wczorajszy {sen}
83%
Kiedy czujesz, że uleciał {gaz}
76%
Kiedy czujesz, że uleciał {gaz}
76%
Kiedy czujesz, że uleciał {gaz}
76%
Kapela cięła {walca} na sześć
72%
Spytałem skromnie: {"czy pójdziesz do mnie?"}
69%
{Kiwnęła głową} zgadzając się
63%
Chciałem być {sobą} za wielką wodą
62%
Obok {Japończyk} do lustra pił
62%
Na {czekoladę} poczułem chęć
61%
I dobrze znała {refrenu} sens
60%
Pytam żółtego: {"powiedz dlaczego}
50%
Taką ze {szkolnych} lat
49%
Trzeba zawsze żyć {biegnącą} chwilą
48%
Rozgrzała jakaś {iskra}
45%
Spotkałem {narzeczoną}
44%
Próbowaliśmy {mocno}
39%
By {taniec} naszych ciał
37%
{Też jesteś smutny?"} On na to mi
35%
Była {namiętna}, bardzo {nieletnia}
29%
Nie znaleziono quizów pasujących do podanych kryteriów
Rozkład punktacji
Procent ludzi z każdym wynikiem
Percentyl według liczby udzielonych odpowiedzi
Twoja historia wyników
Nie rozwiązałeś tego quizu od ostatniego zresetowania